000 00775nam a22002657a 4500
001 288
003 BD-RjUL
005 20211208233142.0
008 131117r20061997ii dc||| |||| 001 0 eng d
020 _a8120314840
035 _a(BD-RjUL)305
040 _aBD-RjUL
_beng
_cBD-RjUL
041 _aeng
082 _222
_a006.3
_bGOP 2005
100 1 _aGose, Earl.
_9933
245 1 _aPattern Recognition and Image Analysis /
_cEarl Gose.
260 _aNew Delhi :
_bPrentice-Hall of India pvt. Ltd.,
_cc1997 [reprinted 2005].
300 _avii,484p. :
_bill. ;
_c23 cm.
504 _aIncludes index.
526 _bComputer science
650 7 _2SLSH
_aOptical pattern recognition.
_9934
700 1 _aJohnsonbaugh, Richard.
_9935
700 1 _aJost,Steve.
_9936
942 _2ddc
_cBK
999 _c288
_d288